000 00247nam a22000977a 4500
999 _c11280
_d11280
008 190115b ||||| |||| 00| 0 eng d
020 _a9780141354934
100 _aEngle
_97023
245 _aA Wrinkle in Time
260 _aUK
_bPenguin Random House
_c2018